Textbook of servomechanisms / (Record no. 183959)
[ view plain ]
| 000 -LEADER | |
|---|---|
| fixed length control field | 00907 a2200193 4500 |
| 003 - CONTROL NUMBER IDENTIFIER | |
| control field | Nust |
| 005 - DATE AND TIME OF LATEST TRANSACTION | |
| control field | 20230504123826.0 |
| 010 ## - LIBRARY OF CONGRESS CONTROL NUMBER | |
| LC control number | 54032022 |
| 040 ## - CATALOGING SOURCE | |
| Transcribing agency | Nust |
| 082 ## - DEWEY DECIMAL CLASSIFICATION NUMBER | |
| Classification number | 629.8323,WES |
| 100 ## - MAIN ENTRY--PERSONAL NAME | |
| Personal name | West, John Clifford |
| 9 (RLIN) | 112104 |
| 245 ## - TITLE STATEMENT | |
| Title | Textbook of servomechanisms / |
| Statement of responsibility, etc. | John C. West, |
| 260 ## - PUBLICATION, DISTRIBUTION, ETC. | |
| Place of publication, distribution, etc. | English Universities Press |
| Name of publisher, distributor, etc. | London, |
| Date of publication, distribution, etc. | 1953 |
| 300 ## - PHYSICAL DESCRIPTION | |
| Extent | 238 p |
| Other physical details | illus |
| Dimensions | 23 cm |
| 505 ## - FORMATTED CONTENTS NOTE | |
| Formatted contents note | Introduction (Page-9),Open and Closed Loop (Page-12), Simple Position (Page-15), Friction Damping (Page-24), Output Velocity (Page-34), The Servo as a Network (Page-42), Alternative Damping (Page-62), Stability (Page-75), Speed Control (Page-112), Integral Control (Page-126), Rotary Amplifiers (Page-170), Some Effects of Structured (Page-208), The Treatment of Non Linearity’s (Page-223). |
| 600 ## - SUBJECT ADDED ENTRY--PERSONAL NAME | |
| Personal name | West, John Clifford |
| 9 (RLIN) | 112104 |
| 650 ## - SUBJECT ADDED ENTRY--TOPICAL TERM | |
| Topical term or geographic name entry element | Textbook of servomechanisms |
| 9 (RLIN) | 112105 |
| 942 ## - ADDED ENTRY ELEMENTS (KOHA) | |
| Source of classification or shelving scheme | |
| Koha item type | Book |
| Withdrawn status | Lost status | Source of classification or shelving scheme | Damaged status | Not for loan | Permanent Location | Current Location | Shelving location | Date acquired | Full call number | Barcode | Date last seen | Price effective from | Koha item type | Public note |
|---|---|---|---|---|---|---|---|---|---|---|---|---|---|---|
| Military College of Signals (MCS) | Military College of Signals (MCS) | General Stacks | 12/12/2016 | 629.8323,WES | MCS6262 | 12/08/2016 | 12/12/2016 | Book | Almirah No.74, Shelf No.8 |
